Bronisław : (Rekord nr 27449)
| 000 -Nagłówek | |
|---|---|
| fixed length control field | 01615nam a2200457 i 4500 |
| 001 - Nr kontrolny bibl., która utworzyła rek. | |
| control field | xx005917171 |
| 003 - Siglum bibl., której nr kontr. jest w 001 | |
| control field | NUKAT |
| 005 - Data i czas ostatniej operacji | |
| control field | 20260407141850.0 |
| 008 - Elementy pola stałej długości | |
| fixed length control field | 260407s2023 pl a |000 0bpol c |
| 020 ## - ISBN | |
| ISBN | 9788396189738 |
| dopowiedzenie | (oprawa miękka) |
| 035 ## - Systemowy numer kontrolny | |
| systemowy numer kontrolny | (NUKAT)xx005917171 |
| 040 ## - Instytucja sporządzająca opis | |
| Instytucja, która sporządziła opis | OLSZT 008/bak |
| język katalgowania-trzyzn. kod | pol |
| zasady opisu | rda |
| Instytucja, która sporządziła rekord | OLSZT 008/bak |
| 045 2# - Okres czasu dla zawartości | |
| czas między r. 9999 pne a nasz. czas. | d1906 |
| -- | d1985 |
| 046 ## - Kod rodz. daty, data1, data2 (daty pne) | |
| Begin/single date | 2023 |
| 100 1# - Hasło główne-nazwa osobowa | |
| Nazwa osobowa | Marczyński, Dariusz. |
| rodzaj współpracy | Autor |
| 9 (RLIN) | 39556 |
| 245 10 - Tytuł właściwy i oznaczenie odpow. | |
| tytuł | Bronisław : |
| dodatek do tytułu | naczelnik Wydziału Oświaty Rolniczej w Olsztynie / |
| dod. inf. ze s. tyt./ozn. odpow. | Dariusz Marczyński. |
| 260 ## - Adres wydawniczy | |
| miejsce wydania, dystrybucji itp. | Olsztyn : |
| nazwa wydawcy, dystrybutora itp. | eRZet Studio Reklamy, |
| data wydania, dystrybucji itp. | 2023. |
| 300 ## - Opis fizyczny | |
| objętość i/lub forma materiału | 240 stron : |
| inne szczegóły opisu fizycznego | ilustracje ; |
| format | 23 cm. |
| 336 ## - Content Type | |
| Term | Tekst |
| Code | txt |
| Source | rdacontent |
| 337 ## - Media Type | |
| Term | Bez urządzenia pośredniczącego |
| Code | n |
| Source | rdamedia |
| 338 ## - Carrier Type | |
| Term | Wolumin |
| Code | nc |
| Source | rdacarrier |
| 380 ## - Form of work | |
| Form of work | Książki |
| 380 ## - Form of work | |
| Form of work | Literatura faktu, eseje, publicystyka |
| 386 ## - Creator/Contributor Characteristics | |
| Demographic group term | Przynależność kulturowa |
| Creator/contributor term | Literatura polska |
| 388 1# - TIME PERIOD OF CREATION | |
| Time period of creation term | 2001- |
| 500 ## - Uwaga ogólna | |
| uwaga ogólna | Rok wydania na podstawie serwisu e-ISBN. |
| 600 17 - Hasło przedmiotowe-nazwa osobowa | |
| nazwa osobowa | Marczyński, Bronisław |
| źródło hasła | DBN |
| 9 (RLIN) | 39555 |
| 648 #7 - SUBJECT ADDED ENTRY--CHRONOLOGICAL TERM | |
| Chronological term | 1901-2000 |
| Source of heading or term | DBN |
| 9 (RLIN) | 34996 |
| 650 #7 - Hasło przedmiotowe-nazwa pospolita | |
| nazwa pospolita lub geogr. | Oświata |
| źródło hasła | DBN |
| 9 (RLIN) | 39557 |
| 650 #7 - Hasło przedmiotowe-nazwa pospolita | |
| nazwa pospolita lub geogr. | Rodzina |
| źródło hasła | DBN |
| 9 (RLIN) | 36921 |
| 650 #7 - Hasło przedmiotowe-nazwa pospolita | |
| nazwa pospolita lub geogr. | Rolnictwo |
| źródło hasła | DBN |
| 9 (RLIN) | 36268 |
| 651 #7 - Hasło przedmiotowe-nazwa geogr. | |
| nazwa geograficzna | Olsztyn (woj. warmińsko-mazurskie) |
| źródło hasła | DBN |
| 9 (RLIN) | 35996 |
| 655 #7 - Termin określający rodzaj/formę | |
| rodzaj/forma | Biografia |
| źródło terminu | DBN |
| 9 (RLIN) | 35059 |
| 655 #7 - Termin określający rodzaj/formę | |
| rodzaj/forma | Pamiętniki i wspomnienia |
| źródło terminu | DBN |
| 9 (RLIN) | 35005 |
| 658 ## - Nazwa określająca cel programu nauczania | |
| główny cel programu nauczania | Edukacja i pedagogika |
| 658 ## - Nazwa określająca cel programu nauczania | |
| główny cel programu nauczania | Historia |
| 658 ## - Nazwa określająca cel programu nauczania | |
| główny cel programu nauczania | Rolnictwo i leśnictwo |
| 710 2# - Hasło dodatkowe - nazwa ciała zbior. | |
| nazwa ciała zbior. lub nazwa geogr. | Studio Reklamy Erzet Jolanta Czapla. |
| rodzaj współpracy | Druk |
| -- | Wydawca |
| kod rodzaju współpracy | prt |
| -- | pbl |
| 9 (RLIN) | 39554 |
| 920 ## - ISBN | |
| ISBN | 978-83-961897-3-8 (oprawa miękka) |
| 942 ## - ADDED ENTRY ELEMENTS (KOHA) | |
| Source of classification or shelving scheme | Dewey Decimal Classification |
| Koha item type | pozycje dostępne na miejscu |
| Status wycofania | Status zagubienia | Klasyfikacja | Status uszkodzenia | Blokada wypożyczeń | Kolekcja | Lokalizacja macierzysta | Lokalizacja bieżąca | Data nabycia | Numer akcesji | Źródło akcesji | Cena | Nr inwentarzowy | il. wypożyczeń | Sygnatura | Kod kreskowy | Date last seen | Price effective from | Typ egz. |
|---|---|---|---|---|---|---|---|---|---|---|---|---|---|---|---|---|---|---|
| Dewey Decimal Classification | nieuszkodzona | książka w magazynie | Biblioteka Instytutu Północnego w Olsztynie | Biblioteka Instytutu Północnego w Olsztynie | 07/04/2026 | D-33/2026 | dar | 24.00 | 73923 | 73923 | IPWK21451 | 07/04/2026 | 07/04/2026 | pozycje dostępne na miejscu |